[Event "Caracas FVA 80th Ann"]
[Site "Caracas"]
[Date "2015.12.18"]
[Round "6"]
[White "Gascon del Nogal, Carlos Arturo"]
[Black "Padilla Arza, Carlos Jose"]
[Result "1-0"]
[WhiteElo "2055"]
[BlackElo "1711"]
[PlyCount "67"]
[EventDate "2015.12.16"]
[EventType "swiss"]
[EventRounds "8"]
[EventCountry "VEN"]
[SourceTitle "EXT 2018"]
[Source "ChessBase"]
[SourceDate "2017.10.13"]
[SourceVersion "1"]
[SourceVersionDate "2017.10.13"]
[SourceQuality "1"]

1. d4 d5 2. Nf3 Nf6 3. c4 c6 4. g3 e6 5. Bg2 Be7 6. Nc3 0-0 7. 0-0 Nbd7 8. Qc2 Re8 9. e4 dxe4 10. Nxe4 Nxe4 11. Qxe4 Nf6 12. Qe2 c5 13. Rd1 Qc7 14. Bf4 Bd6 15. Bxd6 Qxd6 16. Qe5 Qxe5 17. Nxe5 Nd7 18. Nxd7 Bxd7 19. dxc5 Bc6 20. Bxc6 bxc6 21. Rd7 a5 22. Rad1 Kf8 23. Rc7 Rec8 24. Rb7 Rd8 25. Rd6 Rab8 26. Rc7 Rxd6 27. cxd6 Ke8 28. b3 a4 29. bxa4 Ra8 30. c5 Rxa4 31. Rxc6 Rxa2 32. Rc8+ Kd7 33. Rc7+ Ke8 34. Re7+ 1-0

[Event "Pan American-ch U18"]
[Site "Cali"]
[Date "2015.07.01"]
[Round "5"]
[White "De Carvalho, Christopher"]
[Black "Gascon del Nogal, Carlos Arturo"]
[Result "1/2-1/2"]
[WhiteElo "2115"]
[BlackElo "1980"]
[PlyCount "34"]
[EventDate "2015.06.28"]
[EventType "swiss"]
[EventRounds "9"]
[EventCountry "COL"]
[SourceTitle "EXT 2016"]
[Source "ChessBase"]
[SourceDate "2015.10.08"]
[SourceVersion "1"]
[SourceVersionDate "2015.10.08"]
[SourceQuality "1"]

1. d4 e6 2. Nf3 f5 3. g3 Nf6 4. Bg2 d5 5. 0-0 c6 6. c4 Be7 7. b3 0-0 8. Ba3 Bxa3 9. Nxa3 Qe7 10. Nc2 Nbd7 11. Nce1 b6 12. Nd3 Bb7 13. Nfe5 Rac8 14. Rc1 Rfd8 15. c5 Ba6 16. Nb4 Bb7 17. Nbd3 Ba6 1/2-1/2